1400 1195 1964 1038 1976 1565 1737 1478 1534 1404 1211 1627 1050 1734 1868 1241 1501 1789 1306 1840 1663 1599 1261 1459 1193 1358 1028 1688 1561 1379 1760 1696 1057 1725 1311 1646 1969 1374 1321 1025 1696 1919 1368 1805 1027 1358 1804 1047 1537 1225 1336 1822 1115 1536 1028 1952 1946 1450 1477 1242 1437 1292 1654 1103 1112 1038 1200 1754 1055 1753 1851 1809 1576 1109 1512 1557 1953 1191 1189 1797 1623 1751 1696 1139 1794 1837 1597 1441 1904 1225 1902 1366 1632 1460 1851 1123 1092 1297 1378 BCNSPRNW ULIB Ver.6.0+V

เปลี่ยนเป็นภาษาไทย

Change to English
 แสดงรายละเอียดบรรณานุกรม
  กลับหน้าหลัก

Brief Record : Get Marc (ISO 2709) : E-mail record : QR code < ปิดหน้าต่าง
LEADER : 00000nam 2200000uu 4500
001    13399122204
003     ULIB
008    130110s2548||||th 000 0 tha d
020    ^a9789741402878
090    ^aนว.^bซ331ผ
100 0  ^aซี.เอส.ลูอิส
245 00 ^aผจญภัยโพ้นทะเล/^cซี.เอส.ลูอิส
250    ^aพิมพ์ครั้งที่ 2
260    ^aกรุงเทพฯ :^bผีเสื้อ,^c2552
300    ^a296 หน้า
710 1  ^aสุมนา
945    ^p293^l0^i020545
995    ^aวิภา
999 ^a ใช้งานได้ทุกระบบ
รายการนี้ยังไม่มีแท็ก
คุณยังไม่ได้ล็อกอิน คุณสามารถมีกิจกรรมร่วมกับเว็บไซต์ได้ แต่ต้องล็อกอินก่อน ::
  ล็อกอิน

รายการสื่อสารสนเทศ

ลำดับที่ ประเภท เลขเรียก/บาร์โค้ด สถานที่ สถานะ
1. นวนิยาย
นวนิยาย
นว. ซ331ผ  
  Barcode: 020545
ห้องสมุดวิทยาเขตสวรรค์ประชารักษ์
►นวนิยาย
บนชั้น
  ขอยืม

BibComment


ยังไม่เคยถูกคอมเมนท์

คอมเมนท์ทรัพยากรรายการนี้
  คอมเมนท์: ผจญภัยโพ้นทะเล ซ..


 Copyright 2026. Bcnsprnw @Library